| 000 | 02428nam a22002657a 4500 | ||
|---|---|---|---|
| 003 | Uzh_bibl | ||
| 008 | 260430b |||||||| |||| 00| 0 ukr d | ||
| 020 |
_a978-966-03-7817-9 _c90.00 |
||
| 040 | _bукр. | ||
| 041 |
_2ukr _aukr |
||
| 080 | _a821.161.2 | ||
| 090 |
_a821.161.2 _bК 59 |
||
| 100 | _aКокотюха, Андрій | ||
| 245 |
_aВтікач із Бригідок _cхудож.-оформлювач В. Карасик _hТекст |
||
| 260 |
_aХарків _bФоліо _c2017 |
||
| 300 |
_a283 с. _bіл. |
||
| 490 | _aСерія "Ретророман" | ||
| 520 | _aЛьвів, осінь 1916 року. Героя війни, українського січового стрільця Захара Ладного підозрюють у вбивстві через ревнощі. Його взяли під варту і тримають у тюрмі Бригідки. Звинувачення кидає тінь на всіх добровольців. Захистивши стрільця, Климентій Кошовий може врятувати честь Легіону. І хоча Клим через війну покинув адвокатську практику, він погоджується спробувати. Далі події розвиваються стрімко: Ладний робить відчайдушну спробу втекти з в’язниці, взявши Кошового в заручники. Почавши приватне розслідування, Клим і його друг Йозеф Шацький знову занурюються в світ криміналу, де вже наново поділили владу, ближче знайомляться з січовими стрільцями та стикаються з хитрощами російських шпигунів. А розбрат, який таємний ворог сіє довкола, вперше ставить під загрозу кохання українця Кошового і полячки Магди Богданович... | ||
| 521 | _aДля широкого кола читачів | ||
| 546 | _aукр. | ||
| 650 | _aЛітературно-художнє видання | ||
| 653 |
_aСічові стрільці _aВбивство |
||
| 655 |
_aДетектив _vРоман _yХХ ст. _zЛьвів,Україна |
||
| 942 |
_2udc _cBK |
||
| 999 |
_c17578 _d17578 |
||